Statistics for Born in Pasadena/California

Click here to take the quiz!

General Stats

  • This quiz has been taken 17 times
    (3 since last reset)
  • The average score is 3 of 11

Answer Stats

HintAnswer% Correct
Singer and member of "boygenius", "Motion Sickness" "Moon Song"1994Phoebe Bridgers
100%
Governor of New Mexico from 2003 to 2011 and Secretary of Energy from 1998 to 20011947Bill Richardson
50%
Cooking book author and television personality, known for bringing French cuisine to the American public1912Julia Child
50%
Actress, "Mrs. Doubtfire" "Norma Rae" "Lincoln" "The Amazing Spider-Man"1946Sally Field
50%
Soccer player who plays for Washington Spirit and the United States women's national team1999Ashley Sanchez
0%
Physicist, known for his contributions to quantum mechanics. He was awarded the Nobel Prize in 20221942John Clauser
0%
Head football coach at Michigan State since 2024 and head coach at Oregon State from 2018 to 20231979Jonathan Smith
0%
Swimmer and five-time Olympic gold medalist1995Missy Franklin
0%
Actress, known for her roles as Brooke Davis in "One Tree Hill" and Erin Lindsay in "Chicago P.D."1982Sophia Bush
0%
Former tennis player, winner of two Grand Slams and namesake of a famous line of Adidas shoes1946Stan Smith
0%
Actress, known for her roles as Lanie Parish in "Castle" and Bobbi Seawright in "For Your Love"1974Tamala Jones
0%

Score Distribution

Percentile by Number Answered

Percent of People with Each Score

Your Score History

You have not taken this quiz since the last reset